Sergi Belbel (1985-2018) / (Record no. 136532)

MARC details
000 -CABECERA
campo de control de longitud fija 03428nam a2200541 i 4500
001 - NÚMERO DE CONTROL
campo de control 991061160054906706
003 - IDENTIFICADOR DEL NÚMERO DE CONTROL
campo de control ES-BaIT
005 - FECHA Y HORA DE LA ÚLTIMA TRANSACCIÓN
campo de control 20250915112332.0
008 - DATOS DE LONGITUD FIJA--INFORMACIÓN GENERAL
campo de control de longitud fija 240717e202210 spc|||| |||| 0|0 d cat|
015 ## - NÚMERO DE BIBLIOGRAFÍA NACIONAL
Número de bibliografía nacional LL2024
Fuente bnc
017 ## - NÚMERO DE COPYRIGHT O DE DEPÓSITO LEGAL
Número de copyright o de depósito legal DL T 1163-2022
Agencia que asigna Biblioteca de Catalunya
020 ## - NÚMERO INTERNACIONAL ESTÁNDAR DEL LIBRO
Número Internacional Estándar del Libro 9788412618181
040 ## - FUENTE DE LA CATALOGACIÓN
Centro catalogador/agencia de origen ES-BaBC
Lengua de catalogación cat
Normas de descripción rda
Centro/agencia transcriptor ES-BaBC
080 ## - NÚMERO DE LA CLASIFICACIÓN DECIMAL UNIVERSAL
Número de la Clasificación Decimal Universal 821.134.1-2
Subdivisión auxiliar común "19"
Identificador de la edición 2004
080 ## - NÚMERO DE LA CLASIFICACIÓN DECIMAL UNIVERSAL
Número de la Clasificación Decimal Universal 849.9-2"19"
100 1# - ENTRADA PRINCIPAL--NOMBRE DE PERSONA
Nombre de persona Belbel, Sergi,
Fechas asociadas al nombre 1963-
Término indicativo de función/relación autor
9 (RLIN) 7455
240 10 - TÍTULO UNIFORME
Título uniforme Teatre.
Subencabezamiento de forma Seleccions
9 (RLIN) 63444
245 10 - MENCIÓN DE TÍTULO
Título Sergi Belbel (1985-2018) /
Mención de responsabilidad, etc. pròleg: Enric Gallén
250 ## - MENCIÓN DE EDICIÓN
Mención de edición 1a edició
264 #1 - PRODUCCIÓN, PUBLICACIÓN, DISTRIBUCIÓN, FABRICACIÓN Y COPYRIGHT
Producción, publicación, distribución, fabricación y copyright Tarragona :
Nombre del de productor, editor, distribuidor, fabricante Arola Editors,
Fecha de producción, publicación, distribución, fabricación o copyright octubre 2022
300 ## - DESCRIPCIÓN FÍSICA
Extensión 626 pàgines ;
Dimensiones 24 cm
336 ## - TIPO DE CONTENIDO
Término de tipo de contenido text
Código de tipo de contenido txt
Fuente rdacontent
337 ## - TIPO DE MEDIO
Nombre/término del tipo de medio sense mediació
Código del tipo de medio n
Fuente rdamedia
338 ## - TIPO DE SOPORTE
Nombre/término del tipo de soporte volum
Código del tipo de soporte nc
Fuente rdacarrier
490 1# - MENCIÓN DE SERIE
Mención de serie Textos a part. Teatre reunit ;
Designación de volumen o secuencia 37
505 8# - NOTA DE CONTENIDO CON FORMATO
Nota de contenido con formato Conté: Calidoscopis i fars d'avui ; Elsa Schneider ; En companyia d'abisme ; Tàlem ; Carícies ; Després de la pluja ; Morir ; La sang ; El temps de Planck ; Forasters ; Mòbil ; A la Toscana ; Fora de joc ; Les roses de la vida ; Si no t'hagués conegut
520 ## - SUMARIO, ETC.
Sumario, etc. "Teatre reunit (1985-2018). La trentena i escaig de títols escrits per Sergi Belbel al llarg de trenta-set anys de dedicació -dels quals aquest volum aplega una mostra ben significativa- informen d'un dramaturg que ha tocat gairebé totes les tecles des del punt de vista textual i formal, entorn de qüestions i obsessions personals tractades segons les formes més diverses en el moment de la creació artística. No és un autor que s'hagi limitat a oferir un únic registre o un model teatral determinat. Tot hi pot cabre en els seus interessos com a autor, els mateixos que té com a director. Una actitud oberta, que es refia molt de la seva capacitat d'oferir al lector/espectador més amatent l'oportunitat de amb les històries, els personatges per representar i el llenguatge teatral. " -- Contracoberta<br/>
700 1# - ENTRADA AGREGADA--NOMBRE PERSONAL
Nombre de persona Gallén, Enric
Término indicativo de función/relación escriptor d'un pròleg
9 (RLIN) 20761
700 1# - ENTRADA AGREGADA--NOMBRE PERSONAL
Información de relación/Frase instructiva de referencia Contenidor de (obra):
Nombre de persona Belbel, Sergi,
Fechas asociadas al nombre 1963-
Título de la obra Calidoscopis i fars d'avui
9 (RLIN) 167031
700 1# - ENTRADA AGREGADA--NOMBRE PERSONAL
Información de relación/Frase instructiva de referencia Contenidor de (obra):
Nombre de persona Belbel, Sergi,
Fechas asociadas al nombre 1963-
Título de la obra Elsa Schneider
9 (RLIN) 167032
700 ## - ENTRADA AGREGADA--NOMBRE PERSONAL
Información de relación/Frase instructiva de referencia Contenidor de (obra):
Nombre de persona Belbel, Sergi,
Fechas asociadas al nombre 1963-
Título de la obra En companyia d'abisme
9 (RLIN) 76714
700 1# - ENTRADA AGREGADA--NOMBRE PERSONAL
Información de relación/Frase instructiva de referencia Contenidor de (obra):
Nombre de persona Belbel, Sergi,
Fechas asociadas al nombre 1963-
Título de la obra Tàlem
9 (RLIN) 167033
700 ## - ENTRADA AGREGADA--NOMBRE PERSONAL
Información de relación/Frase instructiva de referencia Contenidor de (obra):
Nombre de persona Belbel, Sergi,
Fechas asociadas al nombre 1963-.
Título de la obra Carícies
9 (RLIN) 91972
700 1# - ENTRADA AGREGADA--NOMBRE PERSONAL
Información de relación/Frase instructiva de referencia Contenidor de (obra):
Nombre de persona Belbel, Sergi,
Fechas asociadas al nombre 1963-
Título de la obra Després de la pluja
9 (RLIN) 167034
700 1# - ENTRADA AGREGADA--NOMBRE PERSONAL
Información de relación/Frase instructiva de referencia Contenidor de (obra):
Nombre de persona Belbel, Sergi,
Fechas asociadas al nombre 1963-
Título de la obra Morir
9 (RLIN) 167035
700 1# - ENTRADA AGREGADA--NOMBRE PERSONAL
Información de relación/Frase instructiva de referencia Contenidor de (obra):
Nombre de persona Belbel, Sergi,
Fechas asociadas al nombre 1963-
Título de la obra Sang
9 (RLIN) 167036
700 1# - ENTRADA AGREGADA--NOMBRE PERSONAL
Información de relación/Frase instructiva de referencia Contenidor de (obra):
Nombre de persona Belbel, Sergi,
Fechas asociadas al nombre 1963-
Título de la obra Temps de Planck
9 (RLIN) 167037
700 ## - ENTRADA AGREGADA--NOMBRE PERSONAL
Información de relación/Frase instructiva de referencia Contenidor de (obra):
Nombre de persona Belbel, Sergi,
Fechas asociadas al nombre 1963-.
Título de la obra Forasters
9 (RLIN) 132699
700 1# - ENTRADA AGREGADA--NOMBRE PERSONAL
Información de relación/Frase instructiva de referencia Contenidor de (obra):
Nombre de persona Belbel, Sergi,
Fechas asociadas al nombre 1963-
Título de la obra Mòbil
9 (RLIN) 167038
700 1# - ENTRADA AGREGADA--NOMBRE PERSONAL
Información de relación/Frase instructiva de referencia Contenidor de (obra):
Nombre de persona Belbel, Sergi,
Fechas asociadas al nombre 1963-
Título de la obra A la Toscana
700 1# - ENTRADA AGREGADA--NOMBRE PERSONAL
Información de relación/Frase instructiva de referencia Contenidor de (obra):
Nombre de persona Belbel, Sergi,
Fechas asociadas al nombre 1963-
Título de la obra Fora de joc
700 1# - ENTRADA AGREGADA--NOMBRE PERSONAL
Información de relación/Frase instructiva de referencia Contenidor de (obra):
Nombre de persona Belbel, Sergi,
Fechas asociadas al nombre 1963-
Título de la obra Roses de la vida
700 1# - ENTRADA AGREGADA--NOMBRE PERSONAL
Nombre de persona Belbel, Sergi,
Fechas asociadas al nombre 1963-
Título de la obra Si no t'hagués conegut
Información de relación/Frase instructiva de referencia Contenidor de (obra):
9 (RLIN) 167042
830 #0 - PUNTO DE ACCESO ADICIONAL DE SERIE-TÍTULO UNIFORME
Título uniforme Textos a part.
Nombre de parte o sección de la obra Teatre reunit
Designación de volumen o secuencia 37
9 (RLIN) 143238
908 ## - COLOCAR PARÁMETRO DE COMANDO (RLIN)
Colocar parámetro de comando BC
-- UAB
-- UB
-- CDMAE
940 ## - EQUIVALENCIA O REFERENCIA-CRUZADA--TÍTULO UNIFORME [OBSOLETO] [solamente CAN/MARC]
Título uniforme <a href="BC">BC</a>
942 ## - ELEMENTOS DE ENTRADA AGREGADA (KOHA)
Fuente del sistema de clasificación o colocación Clasificación decimal universal
Tipo de ítem Koha Llibre
Holdings
Estado de retiro Estado de pérdida Fuente del sistema de clasificación o colocación Estado dañado No para préstamo Localización permanente Ubicación/localización actual Ubicación en estantería Fecha de adquisición Fuente de adquisición Total de préstamos Signatura topográfica completa Código de barras Fecha visto por última vez Precio válido a partir de Tipo de ítem Koha
    Clasificación decimal universal     Biblioteca Barcelona Biblioteca Barcelona BCN Lliure Accés 15/09/2025 Compra   849 BEL ser 1900089203 15/09/2025 15/09/2025 Llibre
    Clasificación decimal universal     Biblioteca Vic Biblioteca Barcelona OSONA-Vic 15/09/2025 Compra   849 BEL ser 1900089205 15/09/2025 15/09/2025 Llibre
    Clasificación decimal universal     Biblioteca Terrassa Biblioteca Terrassa VALLÈS-J.Oliver 15/09/2025 Compra   849 BEL ser 1900089204 24/09/2025 15/09/2025 Llibre

Powered by Koha